000 00431nam a2200157 i 4500
001 47229
003 ES-MaACL
005 20230906161526.0
007 t|
008 030404s1960 sp ||||1| spa d
100 1 _aCony, Rene.
_940341
245 1 0 _aIniciación a una sociología racional /
_cRene Cony.
260 _aBilbao :
_bDesclée de Brouwer,
_c[1960]
300 _a276 p. ;
_c19 cm.
852 _aES-MaACL
_jC-21094
_bR.48912
999 _c47229
_d47229